| 000 | 00374nam a2200145Ia 4500 | ||
|---|---|---|---|
| 008 | 230312s9999||||xx |||||||||||||| ||und|| | ||
| 020 | _a81-203-4852-3 | ||
| 082 |
_a621.382 _bLOU-E |
||
| 100 | _aLouis;M,Maria | ||
| 245 | 0 | _aElements of Electrical Engineering | |
| 260 |
_bPHI _aIndia _c2014 |
||
| 300 | _a973 | ||
| 650 |
_aEngineering _vElectrical Engineering |
||
| 942 | _cBK | ||
| 999 |
_c10564 _d10564 |
||